LIBRARY & INFORMATION CENTRE, KCAET, TAVANUR

ONLINE PUBLIC ACCESS CATALOGUE (OPAC)

Theory and practice of woodwork (Record no. 15507)

MARC details
000 -LEADER
fixed length control field 00317nam a22001337a 4500
003 - CONTROL NUMBER IDENTIFIER
control field OSt
008 - FIXED-LENGTH DATA ELEMENTS--GENERAL INFORMATION
fixed length control field 180818b ||||| |||| 00| 0 eng d
082 ## - DEWEY DECIMAL CLASSIFICATION NUMBER
Classification number 694.1
Item number LOV/TH
100 ## - MAIN ENTRY--AUTHOR NAME
Personal name Love, George H
245 ## - TITLE STATEMENT
Title Theory and practice of woodwork
260 ## - PUBLICATION, DISTRIBUTION, ETC. (IMPRINT)
Place of publication Longmans
Name of publisher London
Year of publication 1963
300 ## - PHYSICAL DESCRIPTION
Number of Pages 166
942 ## - ADDED ENTRY ELEMENTS (KOHA)
Koha item type Books
Holdings
Withdrawn status Lost status Damaged status Home library Current library Date acquired Full call number Accession Number Koha item type
      KAUAET KAUAET 18/08/2018 694.1 LOV/TH 3913 Books
free website counter